Ioannis Locovici [i.e. Lodovici] Vivis Valentini, De Europae dissidiis et Republica. (Record no. 13904)

MARC details
000 -LEADER
campo de control de longitud fija 01191nam a2200265 i 4500
001 - NÚMERO DE CONTROL
campo de control 13904
003 - IDENTIFICADOR DE NÚMERO DE CONTROL
campo de control ES-MaACL
005 - FECHA Y HORA DE LA ÚLTIMA TRANSACCIÓN
campo de control 20250823063029.0
007 - CAMPO FIJO DE DESCRIPCIÓN FÍSICA--INFORMACIÓN GENERAL
campo de control de longitud fija t|
008 - DATOS DE LONGITUD FIJA--INFORMACIÓN GENERAL
campo de control de longitud fija 980807s1992 sp |||| | lat d
020 ## - NÚMERO INTERNACIONAL ESTÁNDAR DEL LIBRO
Número Internacional Estándar del Libro 84-86908-80-9
080 ## - NÚMERO DE LA CLASIFICACIÓN DECIMAL UNIVERSAL
Número de la Clasificación Decimal Universal 321.01
080 ## - NÚMERO DE LA CLASIFICACIÓN DECIMAL UNIVERSAL
Número de la Clasificación Decimal Universal 940.21/23
100 1# - ENTRADA PRINCIPAL--NOMBRE DE PERSONA
Nombre de persona Vives, Juan Luis,
Fechas asociadas al nombre 1492-1540
9 (RLIN) 115574
245 10 - MENCIÓN DEL TÍTULO
Título Ioannis Locovici [i.e. Lodovici] Vivis Valentini, De Europae dissidiis et Republica.
260 ## - PUBLICACIÓN, DISTRIBUCIÓN, ETC.
Lugar de publicación, distribución, etc. Valencia :
Nombre del editor, distribuidor, etc. Ayuntamientio de Valencia,
Fecha de publicación, distribución, etc. 1992.
300 ## - DESCRIPCIÓN FÍSICA
Extensión [144] p. ;
Dimensiones 17 cm.
500 ## - NOTA GENERAL
Nota general Acompaña a: De Europae dissidiis et Republica = Sobre las disensiones de Europa y sobre el Estado / Juan Luis Vives. Valencia : Ajuntament, 1992 (Colección J.L. Vives; 2A). Signatura en Biblioteca del Ateneo: L-21307.
500 ## - NOTA GENERAL
Nota general Acompaña a: Juan Luis Vives (1492-1540) : humanista, filósofo, político / Antonio Fontán. Valencia : Ajuntament, 1992 (Colección J.L. Vives). Signatura en Biblioteca del Ateneo: L-21308.
650 #4 - PUNTO DE ACCESO ADICIONAL DE MATERIA--TÉRMINO DE MATERIA
Término de materia o nombre geográfico como elemento de entrada Política-
Subdivisión general Filosofía
9 (RLIN) 16274
651 #4 - PUNTO DE ACCESO ADICIONAL DE MATERIA--NOMBRE GEOGRÁFICO
Nombre geográfico Europa-
Subdivisión general Historia-
Subdivisión cronológica 1517-1648.
9 (RLIN) 148148
710 1# - ENTRADA AGREGADA--NOMBRE DE ENTIDAD CORPORATIVA
Nombre de entidad corporativa o nombre de jurisdicción como elemento de entrada Valencia.
Unidad subordinada Ayuntamiento.
9 (RLIN) 7531
852 ## - LOCALIZACIÓN
Ubicación ES-MaACL
Número de control de estantería L-21309
Holdings
Estatus retirado Estado de pérdida Estado de daño No para préstamo Biblioteca de origen Biblioteca actual Ubicación en estantería Fecha de adquisición Fuente de adquisición Total de préstamos Signatura topográfica completa Código de barras Visto por última vez Precio de reemplazo Tipo de ítem Koha
        Biblioteca del Ateneo de Madrid Biblioteca del Ateneo de Madrid Depósito 2 17/01/2008     L-21309 1014148 23/02/2023 23/02/2023 Libro impreso